2030 HDI Quiz Stats

 Plays Quiz not verified by Sporcle

Score 0/25 Timer 05:00
0 Plays Today
Current(2010) HDI Country % Correct
.902United States
96.9%
.938Norway
95%
.884Japan
92.7%
.849United Kingdom
91.9%
.888Canada
91.6%
.872France
89.8%
.937Australia
89%
.863Spain
88%
.854Italy
87.4%
.866Denmark
87.4%
.871Finland
87.4%
.885Germany
87.2%
.877South Korea
85.3%
Current(2010) HDI Country % Correct
.874Switzerland
84.6%
.908New Zealand
83.8%
.890Netherlands
82.7%
.851Austria
80.4%
.895Ireland
79.6%
.846Singapore
75.7%
.855Greece
68.1%
.872Israel
63.1%
.828Slovenia
61%
.818Slovakia
49.7%
Croatia
43.7%
.810Cyprus
40.1%

You're not logged in!

Compare scores with friends on all Sporcle quizzes.
OR
Log In

Show Comments

Extras

Created Nov 5, 2010SourceReportNominate
Tags:Country Quiz, 2010, hdi, Top 25

Top Quizzes Today


Score Distribution

Your Account Isn't Verified!

In order to create a playlist on Sporcle, you need to verify the email address you used during registration. Go to your Sporcle Settings to finish the process.

Report this User

Report this user for behavior that violates our Community Guidelines.

Details: